000
00316nam a22001337a 4500
008
181017b xxu||||| |||| 00| 0 eng d
020
_a
9780195136791
041
_a
eng
080
_2
20th
_a
610
100
_a
4
101
_a
SHM
245
_a
Cope's Early Diagnosis of the Acute Abdomen
_c
Silen,W
942
_2
udc
_c
BK
999
_c
49988
_d
49988